000 00789nam a2200133Ia 4500
008 171212s9999 xx 000 0 und d
020 _a9780833068477
100 _aLarrabee, F. Stephen;Johnson, Stuart E.;Gordon IV, John;Wilson, Peter A.;Baxter, Caroline
245 _cLarrabee, F. Stephen;Johnson, Stuart E.;Gordon IV, John;Wilson, Peter A.;Baxter, Caroline
_aNATO and the Challenges of Austerity
260 _bRAND Corporation
_c2012
650 _aHistory
650 _aNorth Atlantic Treaty Organization -- Armed Forces -- Operational readiness; North Atlantic Treaty Organization -- Armed Forces -- Appropriations and expenditures; Europe -- Military policy; North America -- Military policy; Europe -- Armed Forces -- Appr
856 _uhttp://www.jstor.org/stable/10.7249/j.ctt1q60nw
999 _c352353
_d352353